[Event "Wch U10"]
[Site "Batumi"]
[Date "2016.10.20"]
[Round "2"]
[White "Sokolovsky, Yahli"]
[Black "Geldymuradov, Mekan"]
[Result "1-0"]
[WhiteElo "1731"]
[BlackElo "1427"]
[PlyCount "103"]
[EventDate "2016.10.19"]
[EventType "swiss"]
[EventRounds "11"]
[EventCountry "GEO"]
[SourceTitle "CBM 175 Extra"]
[Source "ChessBase"]
[SourceDate "2016.12.12"]
[SourceVersion "1"]
[SourceVersionDate "2016.12.12"]
[SourceQuality "1"]

1. e4 e6 2. d4 d5 3. Nc3 Bb4 4. e5 c5 5. Bd2 cxd4 6. Nb5 Bc5 7. Qg4 g6 8. Nf3 a6 9. Nbxd4 Qb6 10. 0-0-0 Nc6 11. Be3 Bd7 12. h4 h5 13. Qf4 Nxd4 14. Bxd4 Rc8 15. Kb1 Bb5 16. Bxc5 Qxc5 17. Nd4 Bd7 18. Rh3 Qe7 19. Rdd3 Nh6 20. Rc3 Nf5 21. Nxf5 exf5 22. Qd4 0-0 23. Be2 f4 24. Rh1 Rxc3 25. Qxc3 Rc8 26. Qd4 Bf5 27. Rc1 Qxh4 28. g3 Qe7 29. Qxf4 Re8 30. Bxh5 Qxe5 31. Qxe5 Rxe5 32. Bf3 g5 33. Rd1 Be6 34. b3 g4 35. Bg2 b6 36. Rd2 Kf8 37. Kb2 f5 38. Kc3 Kf7 39. Kd4 Kf6 40. b4 Bf7 41. Bf1 Re4+ 42. Kc3 b5 43. a3 Ke6 44. a4 Be8 45. Bd3 Re1 46. Kd4 Rb1 47. Re2+ Kf7 48. axb5 axb5 49. Kc5 Bd7 50. Bxb5 Be6 51. Bc6 Rb2 52. b5 1-0